[Event "POL-ch Academic"]
[Site "Chorzow"]
[Date "2022.04.01"]
[Round "2"]
[White "Molenda, Marcin"]
[Black "Mazur, Bartlomiej"]
[Result "1-0"]
[WhiteElo "2207"]
[BlackElo "1790"]
[PlyCount "111"]
[EventDate "2022.04.01"]
[EventType "swiss (rapid)"]
[EventRounds "9"]
[EventCountry "POL"]
[SourceTitle "EXT 2024"]
[Source "ChessBase"]
[SourceDate "2023.10.10"]
[SourceVersion "1"]
[SourceVersionDate "2023.10.10"]
[SourceQuality "1"]

1. d4 d5 2. c4 Nf6 3. cxd5 Nxd5 4. e4 Nb6 5. Nf3 Bg4 6. Be2 g6 7. Nc3 Bg7 8. Be3 c6 9. 0-0 0-0 10. Qd3 f5 11. Ng5 fxe4 12. Ncxe4 Bf5 13. Qb3+ Qd5 14. Nc5 Qxb3 15. axb3 Bc8 16. Nge6 Bxe6 17. Nxe6 Rc8 18. Bg4 N8d7 19. Nc5 Rc7 20. Be6+ Kf8 21. Bf4 Bxd4 22. Bxc7 Bxc5 23. Rad1 Nf6 24. Rfe1 Nbd5 25. Be5 a6 26. g4 Bb4 27. Re2 Rd8 28. Rd3 Bd6 29. g5 Nh5 30. Bxd5 Bxe5 31. Rxe5 cxd5 32. Rexd5 Rc8 33. Rd8+ Rxd8 34. Rxd8+ Kf7 35. Rb8 b5 36. Rb6 Nf4 37. Rxa6 Ne6 38. Rb6 Nd4 39. b4 Ke8 40. Kg2 Kd7 41. Rb8 Kc6 42. Rh8 Ne6 43. Rxh7 Kd6 44. h4 Nd4 45. h5 gxh5 46. Rxh5 Ke6 47. Rh4 Nc6 48. Rf4 Ke5 49. Kg3 Nd8 50. g6 Ne6 51. Rf3 Ng7 52. Kg4 Kd5 53. Rf7 Ne6 54. g7 Nxg7 55. Rxg7 Kc4 56. Rxe7 1-0

[Event "POL-chT Academic"]
[Site "Chorzow"]
[Date "2021.05.15"]
[Round "4.21"]
[White "Chylewski, Patryk"]
[Black "Mazur, Bartlomiej"]
[Result "0-1"]
[WhiteElo "2323"]
[BlackElo "1703"]
[PlyCount "114"]
[EventDate "2021.05.15"]
[EventType "team-swiss (rapid)"]
[EventRounds "9"]
[EventCountry "POL"]
[SourceTitle "CBM 202 Extra"]
[Source "ChessBase"]
[SourceDate "2021.07.31"]
[SourceVersion "1"]
[SourceVersionDate "2021.07.31"]
[SourceQuality "1"]
[WhiteTeam "Warsaw Univ"]
[BlackTeam "Gliwice Politechnika Slaska"]
[WhiteTeamCountry "POL"]
[BlackTeamCountry "POL"]

1. d4 d5 2. c4 Nf6 3. cxd5 Nxd5 4. e4 Nf6 5. Nc3 g6 6. Nf3 Bg7 7. Bc4 0-0 8. e5 Ng4 9. Bg5 c5 10. dxc5 Nxe5 11. Nxe5 Bxe5 12. Qe2 Nc6 13. 0-0 Qc7 14. Nd5 Qb8 15. Bxe7 Nxe7 16. Nxe7+ Kg7 17. Nxc8 Rxc8 18. Qf3 Qc7 19. g3 Bf6 20. Rac1 Qxc5 21. Bxf7 Qxc1 22. Rxc1 Rxc1+ 23. Kg2 Rf8 24. Bb3 Rc7 25. Qe3 b6 26. Qd2 Rfc8 27. f4 Rd8 28. Qe2 Rcd7 29. Kh3 Re7 30. Qc2 Red7 31. Kg4 Rd2 32. Qc4 R2d7 33. Qc2 Rd2 34. Qc7+ R8d7 35. Qc4 Bxb2 36. Qg8+ Kh6 37. Qe6 R2d6 38. Qe2 Bf6 39. h4 Re7 40. Qc4 Rd8 41. h5 Kg7 42. hxg6 hxg6 43. Qc6 Red7 44. Bc2 Rd6 45. Qe4 Bd4 46. Qe7+ Kh6 47. Qg5+ Kg7 48. Qe7+ Kh6 49. f5 Bf6 50. Qe3+ g5 51. Qe2 Rd4+ 52. Be4 Rxe4+ 53. Qxe4 Rd4 54. Kf3 Rxe4 55. Kxe4 Kh5 56. Kf3 b5 57. Ke4 Kg4 0-1

[Event "POL-chT Academic"]
[Site "Katowice"]
[Date "2020.11.15"]
[Round "6.10"]
[White "Mazur, Bartlomiej"]
[Black "Klepek, Witold"]
[Result "0-1"]
[WhiteElo "1703"]
[BlackElo "2170"]
[PlyCount "54"]
[EventDate "2020.11.14"]
[EventType "team-swiss (rapid)"]
[EventRounds "9"]
[EventCountry "POL"]
[SourceTitle "CBM 199 Extra"]
[Source "ChessBase"]
[SourceDate "2021.01.31"]
[SourceVersion "1"]
[SourceVersionDate "2021.01.31"]
[SourceQuality "1"]
[WhiteTeam "Gliwice Politechnika Slaska"]
[BlackTeam "Krakow Gorniczo Hutnicza Akad"]
[WhiteTeamCountry "POL"]
[BlackTeamCountry "POL"]

1. e4 c5 2. Nf3 Nc6 3. d4 cxd4 4. Nxd4 e5 5. Nb3 Nf6 6. Bg5 d6 7. N1d2 h6 8. Bh4 Be6 9. a3 Rc8 10. Bd3 Be7 11. Qe2 0-0 12. h3 a6 13. g4 Nd7 14. Bg3 Nc5 15. Bc4 b5 16. Bd5 Bg5 17. h4 Bxd2+ 18. Kxd2 Nxb3+ 19. Bxb3 Nd4 20. Qe3 Qa5+ 21. Kd1 Bxg4+ 22. Kc1 Rc7 23. Kb1 Rfc8 24. f4 Nxc2 25. Bxc2 Rxc2 26. Be1 Qa4 27. Rg1 Rxb2+ 0-1

[Event "POL-chT Academic"]
[Site "Katowice"]
[Date "2020.11.15"]
[Round "7.22"]
[White "Stoj, Karol"]
[Black "Mazur, Bartlomiej"]
[Result "1-0"]
[WhiteElo "1346"]
[BlackElo "1703"]
[PlyCount "99"]
[EventDate "2020.11.14"]
[EventType "team-swiss (rapid)"]
[EventRounds "9"]
[EventCountry "POL"]
[SourceTitle "CBM 199 Extra"]
[Source "ChessBase"]
[SourceDate "2021.01.31"]
[SourceVersion "1"]
[SourceVersionDate "2021.01.31"]
[SourceQuality "1"]
[WhiteTeam "Rszeszow Politechnika"]
[BlackTeam "Gliwice Politechnika Slaska"]
[WhiteTeamCountry "POL"]
[BlackTeamCountry "POL"]

1. c4 e5 2. Nf3 Nc6 3. Nc3 g6 4. d4 exd4 5. Nxd4 Bg7 6. Nxc6 bxc6 7. Qc2 Qh4 8. Qe4+ Qxe4 9. Nxe4 Ba6 10. e3 Rb8 11. Rb1 d6 12. Bd3 d5 13. Nd2 Ne7 14. b4 Bc3 15. b5 cxb5 16. cxb5 Bb7 17. Ba3 f5 18. Rc1 Ba5 19. Ke2 Kf7 20. Nb3 Bb6 21. Bb2 Rhe8 22. Rhd1 Rbd8 23. Kf1 Nc8 24. a4 a5 25. bxa6 Ba8 26. Bb5 Re7 27. Ba3 Nd6 28. Nd4 Re4 29. Nc6 Bxc6 30. Bxc6 Kg7 31. Rxd5 Re6 32. Bb4 Re4 33. Bc3+ Kh6 34. a5 Ba7 35. Rd3 Rc4 36. e4 Rxc6 37. Rh3+ Kg5 38. Bd2+ f4 39. Rxc6 Nxe4 40. Be1 Rd1 41. Ke2 Rd7 42. Rb3 Re7 43. Kf1 Nd6 44. g3 fxg3 45. hxg3 Rd7 46. Rd3 Rf7 47. Rc2 Kg4 48. Kg2 Rf5 49. Re2 Rxa5 50. Bxa5 1-0

[Event "POL-ch U16"]
[Site "Szczyrk"]
[Date "2013.??.??"]
[Round "2"]
[White "Mazur, Bartlomiej"]
[Black "Drop, Szymon"]
[Result "1-0"]
[WhiteElo "1674"]
[BlackElo "1818"]
[PlyCount "121"]
[EventDate "2013.03.17"]
[EventType "swiss"]
[EventRounds "9"]
[EventCountry "POL"]
[SourceTitle "CBM 153 Extra"]
[Source "ChessBase"]
[SourceDate "2013.04.22"]
[SourceVersion "1"]
[SourceVersionDate "2013.04.22"]
[SourceQuality "1"]

1. e4 e5 2. Nf3 Nc6 3. d4 exd4 4. Nxd4 Bc5 5. Be3 Qf6 6. c3 Nge7 7. g3 0-0 8. Bg2 d6 9. 0-0 Bd7 10. Nc2 Rad8 11. Nd2 b5 12. Nb3 Bb6 13. Bxb6 axb6 14. a3 Ne5 15. Ne3 c5 16. f4 N5c6 17. Rf2 Be6 18. Nd5 Bxd5 19. exd5 Na5 20. Nxa5 bxa5 21. Qc2 Rfe8 22. Re1 Nf5 23. Be4 g6 24. Rfe2 Ng7 25. Re3 Kf8 26. Qe2 b4 27. Qc4 Rb8 28. R3e2 Qd8 29. cxb4 axb4 30. a4 f5 31. Bf3 b3 32. Qc3 Rxe2 33. Bxe2 Rb4 34. Bb5 Kf7 35. Kf2 Qc7 36. Re2 Qb7 37. Qe3 Qa7 38. Kf1 Qc7 39. Bc6 Qa7 40. a5 Qc7 41. a6 Rb8 42. h3 Kf8 43. Bb7 Rxb7 44. axb7 Qxb7 45. g4 h6 46. Qc3 Qxd5 47. Qf6+ Kg8 48. Re7 Qf3+ 49. Ke1 Qg3+ 50. Ke2 Qg2+ 51. Kd3 Qf1+ 52. Kc3 Qf3+ 53. Kc4 Qf1+ 54. Kxb3 Qd1+ 55. Kc4 Qa4+ 56. Kd5 Qb3+ 57. Kc6 Qa4+ 58. Kxd6 Qxf4+ 59. Qe5 Qd2+ 60. Kc6 Qg2+ 61. Kb6 1-0

[Event "POL-ch U16"]
[Site "Szczyrk"]
[Date "2013.??.??"]
[Round "6"]
[White "Mazur, Bartlomiej"]
[Black "Smieszek, Wojciech"]
[Result "0-1"]
[WhiteElo "1674"]
[BlackElo "1873"]
[PlyCount "110"]
[EventDate "2013.03.17"]
[EventType "swiss"]
[EventRounds "9"]
[EventCountry "POL"]
[SourceTitle "CBM 153 Extra"]
[Source "ChessBase"]
[SourceDate "2013.04.22"]
[SourceVersion "1"]
[SourceVersionDate "2013.04.22"]
[SourceQuality "1"]

1. e4 c5 2. Nc3 Nc6 3. g3 g6 4. Bg2 e5 5. d3 Bg7 6. f4 d6 7. Nf3 Nge7 8. 0-0 0-0 9. fxe5 Nxe5 10. Nxe5 Bxe5 11. Bg5 f6 12. Bf4 Bd4+ 13. Kh1 Be6 14. Qc1 g5 15. Be3 Be5 16. Ne2 Rc8 17. c3 d5 18. d4 cxd4 19. Bxd4 Qd6 20. Qe3 dxe4 21. Bxe4 Bd5 22. Rad1 Rce8 23. Kg1 Qe6 24. Bc5 Bxe4 25. Qxe4 b6 26. Ba3 Rd8 27. Qb4 Nc6 28. Qa4 Rfe8 29. Nc1 Na5 30. Nd3 Nc4 31. Nxe5 Nxe5 32. Rd4 Rxd4 33. Qxd4 Qc6 34. Qf2 Kg7 35. Qd2 h5 36. Qd6 Qxd6 37. Bxd6 Nc4 38. Bb4 a5 39. Ba3 Nxa3 40. bxa3 Re2 41. Ra1 Rc2 42. c4 Rxc4 43. Rb1 Rc2 44. Rxb6 Rxa2 45. Rb3 a4 46. Rc3 Kg6 47. Rf3 g4 48. Rc3 f5 49. Kh1 Kg5 50. Kg1 h4 51. Rd3 h3 52. Rc3 Ra1+ 53. Kf2 Rh1 54. Ke3 Rxh2 55. Kd4 Rb2 0-1

[Event "POL Region-ch U15"]
[Site "Szczyrk"]
[Date "2012.10.21"]
[Round "3.2"]
[White "Mazur, Bartlomiej"]
[Black "Mucha, Piotr"]
[Result "1-0"]
[WhiteElo "1621"]
[BlackElo "1981"]
[PlyCount "121"]
[EventDate "2012.10.14"]
[EventType "swiss"]
[EventRounds "9"]
[EventCountry "POL"]
[SourceTitle "EXT 2023"]
[Source "ChessBase"]
[SourceDate "2022.10.05"]
[SourceVersion "1"]
[SourceVersionDate "2022.10.05"]
[SourceQuality "1"]

1. c4 Nf6 2. g3 g6 3. Bg2 Bg7 4. d3 0-0 5. Nc3 c5 6. e4 d6 7. Be3 Nc6 8. Nge2 e5 9. h3 Be6 10. 0-0 Nd4 11. Bg5 Qd7 12. Bxf6 Bxf6 13. Nd5 Bg7 14. Nxd4 cxd4 15. Kh2 f5 16. f3 b5 17. b3 bxc4 18. bxc4 Bxd5 19. cxd5 Rfc8 20. Rb1 Rc3 21. Rb3 Rac8 22. Qb1 Qa4 23. Rb7 Rc2 24. Rb8 Rxb8 25. Qxb8+ Bf8 26. a3 Qxa3 27. Qe8 Qxd3 28. Qe6+ Kg7 29. Qd7+ Kh6 30. Qd8 Kg7 31. Qd7+ Kf6 32. Qe6+ Kg5 33. h4+ Kh6 34. Qf6 Qe2 35. Qxf8+ Kh5 36. Rg1 Qxf3 37. Qf6 Qg4 38. exf5 gxf5 39. Rf1 f4 40. Qf7+ Kh6 41. Qe6+ Kh5 42. Kh1 Qxe6 43. dxe6 Rc7 44. gxf4 Kg6 45. fxe5 dxe5 46. Be4+ Kg7 47. Kg2 a5 48. Kg3 h5 49. Rf5 a4 50. Rxh5 Rc3+ 51. Kg4 a3 52. e7 Rc8 53. Rxe5 a2 54. Ra5 Kf7 55. Rxa2 Kxe7 56. Kg5 Kf7 57. Bf5 Rd8 58. Ra7+ Ke8 59. Bg6+ Kf8 60. Kf6 Re8 61. Rh7 1-0

[Event "POL Region-ch U15"]
[Site "Szczyrk"]
[Date "2012.10.21"]
[Round "9.4"]
[White "Mazur, Bartlomiej"]
[Black "Wiaterek, Jakub"]
[Result "1-0"]
[WhiteElo "1621"]
[BlackElo "1598"]
[PlyCount "75"]
[EventDate "2012.10.14"]
[EventType "swiss"]
[EventRounds "9"]
[EventCountry "POL"]
[SourceTitle "EXT 2023"]
[Source "ChessBase"]
[SourceDate "2022.10.05"]
[SourceVersion "1"]
[SourceVersionDate "2022.10.05"]
[SourceQuality "1"]

1. e4 e6 2. d4 d5 3. exd5 exd5 4. Bd3 Bd6 5. c3 h6 6. h3 Ne7 7. Nf3 0-0 8. 0-0 c6 9. Re1 Qc7 10. Qc2 Nd7 11. Be3 f5 12. Nh4 Nb6 13. a4 a5 14. Na3 Bd7 15. Re2 f4 16. Bd2 c5 17. dxc5 Bxc5 18. Rxe7 Bxe7 19. Bh7+ Kh8 20. Ng6+ Kxh7 21. Nxf8+ Kg8 22. Nxd7 Qxd7 23. Nb5 Rf8 24. Nd4 Bc5 25. Nf3 Rf6 26. b3 g5 27. Ne5 Qc7 28. Re1 Nd7 29. Ng4 Rc6 30. Qf5 Qd6 31. Nxh6+ Qxh6 32. Qxd7 Qg7 33. Qxd5+ Kh7 34. Re5 Be7 35. Qe4+ Qg6 36. Rxe7+ Kh6 37. Qxg6+ Kxg6 38. Rxb7 1-0

[Event "POL-chT U19 1st League"]
[Site "Suchedniow"]
[Date "2012.07.??"]
[Round "1"]
[White "Holownia, Michal"]
[Black "Mazur, Bartlomiej"]
[Result "0-1"]
[WhiteElo "1503"]
[BlackElo "1609"]
[PlyCount "61"]
[EventDate "2012.07.21"]
[EventType "team-swiss"]
[EventRounds "9"]
[EventCountry "POL"]
[SourceTitle "EXT 2014"]
[Source "ChessBase"]
[SourceDate "2013.11.20"]
[SourceVersion "1"]
[SourceVersionDate "2013.11.20"]
[SourceQuality "1"]
[WhiteTeam "Wroclaw MUKS MDK Srodmiescie U19"]
[BlackTeam "Katowice Hetman Szopienice U19"]
[WhiteTeamCountry "POL"]
[BlackTeamCountry "POL"]

1. e4 e6 2. d4 d5 3. Nc3 Nf6 4. e5 Nfd7 5. Nf3 c5 6. dxc5 Bxc5 7. Bd3 a6 8. Bf4 Qb6 9. Qd2 Bxf2+ 10. Qxf2 Qxb2 11. Kd2 Nc6 12. Rab1 Qa3 13. Rhf1 Qa5 14. Be3 h6 15. Qg3 g6 16. Qf2 b5 17. Rb3 Bb7 18. Ke2 b4 19. Rfb1 Bc8 20. Nd1 Rb8 21. Qg3 Ne7 22. Nf2 h5 23. Nh3 Nc5 24. Bxc5 Qxc5 25. Qf4 a5 26. Nhg5 Nf5 27. Bxf5 exf5 28. Qd2 Ba6+ 29. Ke1 Rc8 30. R3b2 Qc4 31. Qe3 0-1

[Event "POL-chT U19 1st League"]
[Site "Suchedniow"]
[Date "2012.07.??"]
[Round "8"]
[White "Lipski, Lukasz"]
[Black "Mazur, Bartlomiej"]
[Result "0-1"]
[WhiteElo "1494"]
[BlackElo "1609"]
[PlyCount "80"]
[EventDate "2012.07.21"]
[EventType "team-swiss"]
[EventRounds "9"]
[EventCountry "POL"]
[SourceTitle "EXT 2014"]
[Source "ChessBase"]
[SourceDate "2013.11.20"]
[SourceVersion "1"]
[SourceVersionDate "2013.11.20"]
[SourceQuality "1"]
[WhiteTeam "Wroclaw KS Polonia U19 II"]
[BlackTeam "Katowice Hetman Szopienice U19"]
[WhiteTeamCountry "POL"]
[BlackTeamCountry "POL"]

1. e4 e6 2. d3 c5 3. Nf3 Nc6 4. g3 Nf6 5. Bg2 d5 6. Nbd2 Be7 7. 0-0 0-0 8. e5 Nd7 9. Re1 Qc7 10. Qe2 Re8 11. Nf1 f6 12. exf6 Bxf6 13. Ne3 Nb6 14. Nd2 Nd4 15. Qd1 Bd7 16. Nb3 Nb5 17. Ng4 Rf8 18. Nxf6+ Rxf6 19. Be3 c4 20. Nd4 Re8 21. dxc4 Nxc4 22. Nxb5 Bxb5 23. Bf4 Qc5 24. Rb1 Kh8 25. Qh5 e5 26. a4 Bc6 27. b4 Qf8 28. b5 g6 29. Qh4 exf4 30. bxc6 Rxe1+ 31. Rxe1 bxc6 32. Re8 Qxe8 33. Qxf6+ Kg8 34. gxf4 Qe1+ 35. Bf1 Nd2 36. Qd8+ Kg7 37. Qd7+ Kf8 38. Qd8+ Qe8 39. Qf6+ Kg8 40. Qd4 Nf3+ 0-1

[Event "POL-chT U19 1st League"]
[Site "Suchedniow"]
[Date "2012.07.??"]
[Round "9"]
[White "Mazur, Bartlomiej"]
[Black "Kalinowski, Kamil"]
[Result "1-0"]
[WhiteElo "1609"]
[BlackElo "1473"]
[PlyCount "113"]
[EventDate "2012.07.21"]
[EventType "team-swiss"]
[EventRounds "9"]
[EventCountry "POL"]
[SourceTitle "EXT 2014"]
[Source "ChessBase"]
[SourceDate "2013.11.20"]
[SourceVersion "1"]
[SourceVersionDate "2013.11.20"]
[SourceQuality "1"]
[WhiteTeam "Katowice Hetman Szopienice U19"]
[BlackTeam "Raciborz KSz Silesia U19"]
[WhiteTeamCountry "POL"]
[BlackTeamCountry "POL"]

1. e4 g6 2. d4 Bg7 3. Nc3 c6 4. Bc4 d6 5. Qf3 e6 6. Nge2 d5 7. Bb3 Ne7 8. 0-0 0-0 9. Bg5 Nd7 10. exd5 exd5 11. Rfe1 f6 12. Bf4 Nb6 13. Ng3 Nf5 14. Nxf5 Bxf5 15. Ne2 Re8 16. Ng3 Qd7 17. Nxf5 Qxf5 18. g4 Qd7 19. h3 f5 20. c3 Rf8 21. g5 Rae8 22. Kg2 Re6 23. h4 Rfe8 24. Rxe6 Qxe6 25. Bd2 Qe4 26. Re1 Qxf3+ 27. Kxf3 Re4 28. Rxe4 fxe4+ 29. Kg4 Kf7 30. Bf4 Ke6 31. Bc7 Nd7 32. Bf4 c5 33. Be3 cxd4 34. cxd4 Nb8 35. Ba4 a6 36. Bf4 Nc6 37. Bxc6 bxc6 38. Be3 Bf8 39. a3 a5 40. a4 Kd7 41. Bd2 Bg7 42. Bc3 c5 43. dxc5 Bxc3 44. c6+ Kxc6 45. bxc3 Kc5 46. Kf4 Kc4 47. Ke5 Kxc3 48. Kxd5 Kd3 49. Ke5 Ke2 50. Kxe4 Kxf2 51. Kf4 Kg2 52. Kg4 Kh2 53. h5 Kg2 54. h6 Kh2 55. Kf4 Kh3 56. Ke5 Kh4 57. Kf6 1-0

[Event "Solina Mind Sports U14 op"]
[Site "Solina"]
[Date "2012.04.16"]
[Round "2"]
[White "Mazur, Bartlomiej"]
[Black "Buraczewski, Rafal"]
[Result "1-0"]
[WhiteElo "1581"]
[BlackElo "1719"]
[PlyCount "159"]
[EventDate "2012.04.15"]
[EventType "swiss"]
[EventRounds "9"]
[EventCountry "POL"]
[SourceTitle "EXT 2014"]
[Source "ChessBase"]
[SourceDate "2013.11.20"]
[SourceVersion "1"]
[SourceVersionDate "2013.11.20"]
[SourceQuality "1"]

1. e4 e6 2. d4 d5 3. exd5 exd5 4. Bd3 Nc6 5. c3 Nf6 6. Nf3 Bg4 7. Bg5 Be7 8. Nbd2 Qd7 9. h3 Bf5 10. Bb5 0-0 11. Ne5 Qe6 12. Bxc6 bxc6 13. 0-0 Rfe8 14. Re1 Ne4 15. Bxe7 Rxe7 16. Nxe4 dxe4 17. Qa4 c5 18. Qc6 Qxc6 19. Nxc6 Re6 20. d5 Ree8 21. c4 Bd7 22. Na5 Bc8 23. Re3 Rb8 24. b3 Rb6 25. Nc6 Ra6 26. Rae1 Bd7 27. Rxe4 Rxe4 28. Rxe4 Bxc6 29. dxc6 Kf8 30. Re2 Rxc6 31. Kh2 f6 32. Kg3 Kf7 33. Kf3 Rd6 34. Rb2 a5 35. Ke3 Ke6 36. Re2 Rd4 37. f4 g6 38. Kf3+ Kf7 39. g4 Rd3+ 40. Re3 Rd2 41. a4 Rd4 42. g5 Rd6 43. gxf6 Kxf6 44. Re5 Rd3+ 45. Ke4 Rxb3 46. Rxc5 Rb4 47. Rc6+ Ke7 48. Rxc7+ Kd6 49. Rxh7 Rxc4+ 50. Kf3 Ke6 51. Kg4 Kf6 52. Ra7 Rxa4 53. Ra6+ Kg7 54. Kg5 Ra1 55. Ra7+ Kf8 56. Kf6 Ke8 57. Kxg6 a4 58. Ra8+ Ke7 59. Ra7+ Kf8 60. f5 Rg1+ 61. Kf6 Kg8 62. Rxa4 Re1 63. h4 Re2 64. Rg4+ Kh7 65. h5 Kh6 66. Rg1 Re3 67. Rg8 Kh7 68. Rb8 Rc3 69. Rb7+ Kh6 70. Kf7 Rg3 71. f6 Kxh5 72. Rb8 Rf3 73. Kg7 Rg3+ 74. Kf8 Kg6 75. f7 Rf3 76. Rb6+ Kh7 77. Rb2 Kg6 78. Rg2+ Kh7 79. Rh2+ Kg6 80. Kg8 1-0

[Event "Rewal op-B 16th"]
[Site "Rewal"]
[Date "2011.08.27"]
[Round "8"]
[White "Mazur, Bartlomiej"]
[Black "Jasniewicz, Rafal"]
[Result "0-1"]
[WhiteElo "1531"]
[BlackElo "1605"]
[PlyCount "92"]
[EventDate "2011.08.18"]
[EventType "swiss"]
[EventRounds "9"]
[EventCountry "POL"]
[SourceTitle "CBM 144 Extra"]
[Source "ChessBase"]
[SourceDate "2011.10.28"]
[SourceVersion "1"]
[SourceVersionDate "2011.10.28"]
[SourceQuality "1"]

1. e4 d6 2. d4 Nf6 3. Bd3 g6 4. Bg5 Bg7 5. c3 c5 6. d5 Nbd7 7. f4 c4 8. Bc2 Nc5 9. Qe2 Qb6 10. e5 dxe5 11. fxe5 Nxd5 12. Qxc4 Be6 13. Ba4+ Nxa4 14. Qxa4+ Bd7 15. Qc2 Bxe5 16. Na3 Bf5 17. Qa4+ Qc6 18. Qxc6+ bxc6 19. Nf3 Bg7 20. 0-0-0 h6 21. Bh4 g5 22. Bf2 Nf4 23. Bd4 Bxd4 24. Nxd4 Be4 25. b4 Nd3+ 26. Rxd3 Bxd3 27. Rd1 Be4 28. b5 cxb5 29. Naxb5 0-0 30. Re1 Bd3 31. Nc7 Rab8 32. Rxe7 Rb7 33. Kd2 Bb1 34. a3 Bg6 35. Ne2 Rd8+ 36. Ke3 Rd3+ 37. Kf2 Rb2 38. Re8+ Kg7 39. Ra8 Bh5 40. Re8 Rdd2 41. Ke3 Rxe2+ 42. Kd4 Rxe8 43. Nxe8+ Kg6 44. c4 Rxg2 45. c5 Bf3 46. a4 Bc6 0-1

[Event "Podlaskie-ch U15 17th"]
[Site "Suwalki"]
[Date "2011.04.19"]
[Round "8"]
[White "Gluszak, Pawel"]
[Black "Mazur, Bartlomiej"]
[Result "1/2-1/2"]
[WhiteElo "1528"]
[BlackElo "1603"]
[PlyCount "63"]
[EventDate "2011.04.14"]
[EventType "swiss"]
[EventRounds "10"]
[EventCountry "POL"]
[SourceTitle "EXT 2012"]
[Source "ChessBase"]
[SourceDate "2011.11.24"]
[SourceVersion "1"]
[SourceVersionDate "2011.11.24"]
[SourceQuality "1"]

1. e4 e6 2. Qe2 c5 3. f4 Nc6 4. Nf3 Be7 5. g3 d5 6. d3 Nf6 7. Bg2 b6 8. 0-0 Ba6 9. Nc3 dxe4 10. Nxe4 Rc8 11. Kh1 0-0 12. Rd1 Nxe4 13. Qxe4 Nd4 14. c3 Nxf3 15. Qxf3 Rc7 16. d4 Rd7 17. Be3 c4 18. Qg4 Bb7 19. f5 Bxg2+ 20. Kxg2 Qa8+ 21. Kg1 Qd5 22. fxe6 fxe6 23. Bf4 Qf5 24. Qxf5 Rxf5 25. Re1 Kf7 26. Re5 Rxe5 27. Bxe5 Bf6 28. Re1 Rd5 29. Bf4 b5 30. a3 a5 31. Kg2 b4 32. a4 1/2-1/2

[Event "Podlaskie-ch U15 17th"]
[Site "Suwalki"]
[Date "2011.04.18"]
[Round "7"]
[White "Mazur, Bartlomiej"]
[Black "Mrozowski, Patryk"]
[Result "1-0"]
[WhiteElo "1603"]
[BlackElo "1676"]
[PlyCount "55"]
[EventDate "2011.04.14"]
[EventType "swiss"]
[EventRounds "10"]
[EventCountry "POL"]
[SourceTitle "EXT 2012"]
[Source "ChessBase"]
[SourceDate "2011.11.24"]
[SourceVersion "1"]
[SourceVersionDate "2011.11.24"]
[SourceQuality "1"]

1. g3 c5 2. Bg2 e6 3. d3 d5 4. Nd2 Nf6 5. e4 Nc6 6. Ne2 Bd6 7. 0-0 Bc7 8. f4 dxe4 9. Nxe4 Nxe4 10. Bxe4 Nd4 11. Be3 Bb6 12. c3 Nxe2+ 13. Qxe2 f5 14. Bg2 0-0 15. Rad1 Qc7 16. d4 cxd4 17. Bxd4 Bxd4+ 18. Rxd4 Re8 19. Rfd1 Rb8 20. h3 b6 21. Rd6 Qe7 22. Bc6 Rf8 23. Kh2 h6 24. R1d2 Kh7 25. a3 Qf6 26. Qd1 Bb7 27. Bd7 Bd5 28. R2xd5 1-0

[Event "Podlaskie-ch U15 17th"]
[Site "Suwalki"]
[Date "2011.04.17"]
[Round "5"]
[White "Mazur, Bartlomiej"]
[Black "Lewtak, Dominik"]
[Result "0-1"]
[WhiteElo "1603"]
[BlackElo "1750"]
[PlyCount "78"]
[EventDate "2011.04.14"]
[EventType "swiss"]
[EventRounds "10"]
[EventCountry "POL"]
[SourceTitle "EXT 2012"]
[Source "ChessBase"]
[SourceDate "2011.11.24"]
[SourceVersion "1"]
[SourceVersionDate "2011.11.24"]
[SourceQuality "1"]

1. e4 c5 2. Nf3 Nf6 3. Nc3 Nc6 4. d4 d5 5. e5 cxd4 6. Nxd4 Nxe5 7. Bf4 Ng6 8. Bg3 a6 9. Be2 e6 10. 0-0 Bc5 11. Nb3 Bd6 12. Qd3 0-0 13. Rad1 Bxg3 14. Qxg3 Bd7 15. Qd6 Bc6 16. Qb4 Qc7 17. Nc5 Rac8 18. a4 e5 19. Bf3 d4 20. N3e4 Nxe4 21. Nxe4 Kh8 22. Nd6 Bxf3 23. gxf3 Rcd8 24. Ne4 f5 25. Qc5 Qd7 26. Nd2 Rc8 27. Qa3 Rxc2 28. Kh1 Rfc8 29. Rg1 Nf4 30. Rg3 Ne2 31. Rh3 Rxd2 32. Rf1 Rdc2 33. Rh4 d3 34. Rd1 Rc1 35. Rxc1 Rxc1+ 36. Kg2 Rc8 37. Rc4 Rd8 38. Qa1 Qd6 39. Kf1 Qg6 0-1

[Event "Podlaskie-ch U15 17th"]
[Site "Suwalki"]
[Date "2011.04.15"]
[Round "2"]
[White "Mazur, Bartlomiej"]
[Black "Nun, Grzegorz"]
[Result "0-1"]
[WhiteElo "1603"]
[BlackElo "1705"]
[PlyCount "108"]
[EventDate "2011.04.14"]
[EventType "swiss"]
[EventRounds "10"]
[EventCountry "POL"]
[SourceTitle "EXT 2012"]
[Source "ChessBase"]
[SourceDate "2011.11.24"]
[SourceVersion "1"]
[SourceVersionDate "2011.11.24"]
[SourceQuality "1"]

1. e4 c5 2. Nf3 d6 3. d4 cxd4 4. Nxd4 Nf6 5. Nc3 a6 6. Bc4 e6 7. Bb3 Be7 8. 0-0 0-0 9. Be3 b5 10. a3 Bb7 11. f3 Nc6 12. Qe1 Nxd4 13. Bxd4 Qc7 14. Qg3 Rad8 15. Rad1 Kh8 16. Rd2 Rg8 17. Rfd1 Qc6 18. Be3 Rgf8 19. Bf4 Nh5 20. Qg4 Nxf4 21. Qxf4 Qc5+ 22. Kh1 Bg5 23. Qg3 Bxd2 24. Rxd2 Qe3 25. Rd1 Rfe8 26. Re1 Qc5 27. Ne2 Qe5 28. c3 Qxg3 29. Nxg3 d5 30. e5 d4 31. c4 d3 32. Kg1 bxc4 33. Bxc4 Rd4 34. b3 Bd5 35. Ne4 Bxe4 36. fxe4 a5 37. Kf2 Red8 38. Ke3 d2 39. Rd1 a4 40. Bd5 exd5 41. Kxd4 dxe4+ 42. Kxe4 axb3 43. Ke3 b2 44. Ke2 Rd5 45. Ke3 b1Q 46. Rxb1 d1Q 47. Rxd1 Rxd1 48. g3 Ra1 49. Kf4 Rxa3 50. h4 Kg8 51. g4 Ra4+ 52. Kg5 h6+ 53. Kf5 g6+ 54. Kf6 Rxg4 0-1

[Event "POL-chT U19 1st League"]
[Site "Suchedniow"]
[Date "2010.07.08"]
[Round "3"]
[White "Oszczanowski, Witold"]
[Black "Mazur, Bartlomiej"]
[Result "1-0"]
[WhiteElo "1728"]
[BlackElo "1603"]
[PlyCount "55"]
[EventDate "2010.07.06"]
[EventType "team-tourn"]
[EventRounds "9"]
[EventCountry "POL"]
[SourceTitle "EXT 2019"]
[Source "ChessBase"]
[SourceDate "2018.10.10"]
[SourceVersion "1"]
[SourceVersionDate "2018.10.10"]
[SourceQuality "1"]
[WhiteTeam "Wroclaw MUKS MDK Srodmiescie U19"]
[BlackTeam "Katowice Hetman Szopienice U19"]
[WhiteTeamCountry "POL"]
[BlackTeamCountry "POL"]

1. e4 Nc6 2. Nf3 e5 3. d4 exd4 4. Nxd4 g6 5. Be3 Bg7 6. Nc3 Nf6 7. g3 d5 8. Nxc6 bxc6 9. Bg2 dxe4 10. Qxd8+ Kxd8 11. 0-0-0+ Ke8 12. Nxe4 Nd5 13. Nc5 Be6 14. c4 Ne7 15. Rhe1 Rb8 16. b3 Bc3 17. Re2 Bg4 18. f3 Be6 19. Bf4 Rc8 20. Nxe6 fxe6 21. Rxe6 Kf7 22. Bh3 Nf5 23. Bxf5 gxf5 24. Rxc6 Ba5 25. Rc5 Bb6 26. Rxf5+ Ke7 27. Re1+ Kd7 28. c5 1-0